000 00258nam a22001217a 4500
008 181024b xxu||||| |||| 00| 0 eng d
041 _aeng
080 _a610
100 _a4
101 _aSHM
245 _adISEASE Of Prostate
_cIssa,M,M
942 _2udc
_cBK
999 _c50819
_d50819